| 000 | 00801nam a22002055i 4500 | ||
|---|---|---|---|
| 001 | 162369 | ||
| 003 | ES-MaACL | ||
| 005 | 20250809024233.0 | ||
| 008 | 991217s1894 fr |||| | fre d | ||
| 040 |
_aCCPB | B _bspa _cCCPB | B |
||
| 100 | 1 |
_aPoinsard, Léon. _9131234 |
|
| 245 | 1 | 0 |
_aÉtudes de Droit international conventionnel / _cpar Léon Poinsard. |
| 260 |
_aParis : _bLibrairie Cotillon, F. Pichon, successeur, éditeur, _c1894. |
||
| 300 |
_av. ; _c22 cm. |
||
| 505 | 8 | _aPremière Série. Transports, transmissions, relations économiques internationales, propriété intellectuelle. -- XII, 596 p. | |
| 650 | 7 |
_aDerecho internacional _2embne _911717 |
|
| 752 |
_aFrancia - _dParís |
||
| 852 |
_aES-MaACL _jG-5898 _z-- Enc. pasta española _q-- Sólo T. I |
||
| 999 |
_c162369 _d162369 |
||